[Event "Torneo de Maestros - Campeonato Paraguayo Absoluto"]
[Site "Diario ABC_Color/Yegros 745_Asuncion"]
[Date "2014.12.16"]
[Round "8"]
[Board "5"]
[White "Bachmann, Axel"]
[Black "Almiron, Antonio"]
[Result "1-0"]
[WhiteElo "2628"]
[BlackElo "2255"]
[PlyCount "105"]
[EventDate "2014.12.10"]
[EventRounds "11"]
[EventCountry "PAR"]

1. Nf3 Nf6 2. c4 g6 3. Nc3 Bg7 4. d4 c5 5. d5 O-O 6. e4 d6 7. h3 e6 8. Bd3 exd5
9. exd5 Re8+ 10. Be3 Na6 11. O-O Bd7 12. Qd2 Qe7 13. a3 Qf8 14. Rab1 h6 15. b4
b6 16. Bf4 Nh5 17. Bh2 f5 18. Nb5 Bxb5 19. cxb5 Nc7 20. bxc5 bxc5 21. Qa5 Rec8
22. Rfe1 Nf6 23. Nh4 Kh7 24. Nxf5 gxf5 25. Bxf5+ Kh8 26. Bxc8 Qxc8 27. Bxd6
Ncxd5 28. Qd2 Qf5 29. Bxc5 Rc8 30. Rbc1 Ne4 31. Rxe4 Qxe4 32. Bxa7 Rxc1+ 33.
Qxc1 Nc3 34. Qe3 Qxe3 35. Bxe3 Nxb5 36. a4 Nc7 37. g4 Kg8 38. Kg2 Kf7 39. Kf3
Ke6 40. Ke4 Nd5 41. a5 Nc3+ 42. Kd3 Kd5 43. a6 Nb5 44. a7 Nc7 45. f4 Na8 46. h4
h5 47. g5 Ba1 48. f5 Ke5 49. f6 Kd5 50. f7 Bg7 51. Bd4 Bf8 52. g6 Ke6 53. Kc4
 1-0

[Event "Torneo de Maestros - Campeonato Paraguayo Absoluto"]
[Site "Diario ABC_Color/Yegros 745_Asuncion"]
[Date "2014.12.17"]
[Round "9"]
[Board "2"]
[White "Almiron, Antonio"]
[Black "Butti, Enrique"]
[Result "1-0"]
[WhiteElo "2255"]
[BlackElo "2071"]
[PlyCount "51"]
[EventDate "2014.12.10"]
[EventRounds "11"]
[EventCountry "PAR"]

1. e4 c5 2. Nf3 d6 3. d4 cxd4 4. Nxd4 Nf6 5. Nc3 e6 6. Be3 a6 7. f3 b5 8. g4
Bb7 9. Qd2 Nfd7 10. O-O-O Nb6 11. Bd3 N8d7 12. g5 b4 13. Nce2 d5 14. exd5 Nxd5
15. Nf4 Nxe3 16. Nfxe6 fxe6 17. Nxe6 Qe7 18. Qxe3 Nc5 19. Bc4 Nxe6 20. Rhe1 Bc8
21. f4 Qa7 22. Qe4 Be7 23. Bxe6 Bxe6 24. Qxe6 Rd8 25. Qc6+ Rd7 26. Qc8+ 1-0

[Event "Torneo de Maestros - Campeonato Paraguayo Absoluto"]
[Site "Diario ABC_Color/Yegros 745_Asuncion"]
[Date "2014.12.17"]
[Round "9"]
[Board "3"]
[White "Jodorcovsky Werjivker, Paulo"]
[Black "Bachmann, Axel"]
[Result "0-1"]
[WhiteElo "2203"]
[BlackElo "2628"]
[PlyCount "64"]
[EventDate "2014.12.10"]
[EventRounds "11"]
[EventCountry "PAR"]

1. d4 Nf6 2. Nf3 e6 3. c4 Bb4+ 4. Nbd2 b6 5. a3 Bxd2+ 6. Bxd2 Bb7 7. Bg5 d6 8.
e3 Nbd7 9. Be2 h6 10. Bh4 g5 11. Bg3 Ne4 12. d5 Qf6 13. Nd4 O-O-O 14. Bf3 Nxg3
15. hxg3 Ne5 16. Rc1 h5 17. Nc6 Bxc6 18. dxc6 Kb8 19. Be2 Nxc6 20. b4 g4 21.
Qa4 Ne5 22. c5 dxc5 23. bxc5 h4 24. cxb6 axb6 25. Rxc7 Kxc7 26. Qa7+ Kd6 27.
O-O Rd7 28. Qxb6+ Ke7 29. Qc5+ Rd6 30. Rd1 Rhd8 31. Bb5 hxg3 32. fxg3 Qg5 0-1

[Event "Torneo de Maestros - Campeonato Paraguayo Absoluto"]
[Site "Diario ABC_Color/Yegros 745_Asuncion"]
[Date "2014.12.17"]
[Round "9"]
[Board "5"]
[White "Kropff, Ricardo"]
[Black "Valiente, Cristobal"]
[Result "1/2-1/2"]
[WhiteElo "2174"]
[BlackElo "2233"]
[PlyCount "27"]
[EventDate "2014.12.10"]
[EventRounds "11"]
[EventCountry "PAR"]

1. c4 e5 2. Nc3 Nf6 3. Nf3 Nc6 4. g3 g6 5. Bg2 Bg7 6. O-O O-O 7. d3 d6 8. Rb1
a5 9. a3 Re8 10. b4 axb4 11. axb4 e4 12. Nxe4 Nxe4 13. dxe4 Rxe4 14. Nd2
 1/2-1/2

[Event "Torneo de Maestros - Campeonato Paraguayo Absoluto"]
[Site "Diario ABC_Color/Yegros 745_Asuncion"]
[Date "2014.12.17"]
[Round "9"]
[Board "6"]
[White "Latorre, Matias"]
[Black "Vargas, Gabriela"]
[Result "0-1"]
[WhiteElo "2312"]
[BlackElo "2134"]
[PlyCount "106"]
[EventDate "2014.12.10"]
[EventRounds "11"]
[EventCountry "PAR"]

1. c4 e6 2. g3 d5 3. Bg2 Nf6 4. Nf3 Be7 5. O-O O-O 6. b3 c6 7. Bb2 Nbd7 8. d3
b6 9. cxd5 cxd5 10. Nbd2 Bb7 11. Rc1 Rc8 12. Nd4 Rxc1 13. Qxc1 Qa8 14. f4 Rc8
15. Qa1 Bf8 16. Bh3 Rc7 17. N2f3 a6 18. Ng5 Bc5 19. a3 h6 20. Ngf3 Qe8 21. b4
Be7 22. Nb3 Qd8 23. Ne5 Nxe5 24. Bxe5 Bd6 25. Bd4 Rd7 26. Nd2 Be7 27. Nf3 Ne8
28. f5 exf5 29. Bxf5 Rd6 30. Bh3 Bf6 31. Bxf6 Nxf6 32. Nd4 Bc8 33. Bxc8 Qxc8
34. Nf5 Re6 35. Nxh6+ Kh7 36. Nxf7 Rxe2 37. Qd4 Qc2 38. Ng5+ Kg8 39. Rf2 Qc1+
40. Kg2 Rxf2+ 41. Qxf2 Qxg5 42. Qxb6 Qd2+ 43. Kh3 Qxd3 44. Qe6+ Kh7 45. a4 Qf1+
46. Kh4 Kh6 47. Qe3+ Kh7 48. Qe6 Qc4+ 49. Kg5 Qc1+ 50. Kf5 Qc2+ 51. Kf4 Qf2+
52. Kg5 Qd2+ 53. Kf5 Qxb4 0-1

[Event "Torneo de Maestros - Campeonato Paraguayo Absoluto"]
[Site "Diario ABC_Color/Yegros 745_Asuncion"]
[Date "2014.12.18"]
[Round "10"]
[Board "1"]
[White "Franco Ocampos, Zenon"]
[Black "Vargas, Gabriela"]
[Result "1-0"]
[WhiteElo "2490"]
[BlackElo "2134"]
[PlyCount "93"]
[EventDate "2014.12.10"]
[EventRounds "11"]
[EventCountry "PAR"]

1. d4 d5 2. c4 e6 3. Nc3 Be7 4. Nf3 Nf6 5. Bg5 h6 6. Bxf6 Bxf6 7. Qc2 dxc4 8.
O-O-O c6 9. e4 Nd7 10. Bxc4 Nb6 11. Bb3 Bd7 12. Kb1 Qc7 13. Rc1 c5 14. e5 Be7
15. Ne4 c4 16. Nfd2 Rc8 17. Bxc4 O-O 18. Bb3 Qd8 19. Qd3 Bc6 20. Bc2 g6 21. h4
Bxe4 22. Qxe4 Qd5 23. h5 Qxe4 24. Bxe4 Rxc1+ 25. Rxc1 Bg5 26. Rc2 Bxd2 27. Rxd2
gxh5 28. Bxb7 Rb8 29. Ba6 Rd8 30. g3 Kg7 31. Kc2 Kg6 32. Kd3 h4 33. gxh4 Kh5
34. f4 Kxh4 35. Ke4 Rg8 36. Rh2+ Kg3 37. Rxh6 Rg4 38. Rf6 Nd5 39. Rxf7 Nxf4 40.
Rxa7 Ne2+ 41. Kd3 Nxd4 42. Bb7 Nf5 43. Be4 Rg8 44. Bxf5 exf5 45. Rf7 Rd8+ 46.
Ke3 Kg4 47. Rg7+ 1-0

[Event "Torneo de Maestros - Campeonato Paraguayo Absoluto"]
[Site "Diario ABC_Color/Yegros 745_Asuncion"]
[Date "2014.12.18"]
[Round "10"]
[Board "2"]
[White "Valiente, Cristobal"]
[Black "Latorre, Matias"]
[Result "0-1"]
[WhiteElo "2233"]
[BlackElo "2312"]
[PlyCount "196"]
[EventDate "2014.12.10"]
[EventRounds "11"]
[EventCountry "PAR"]

1. c4 c6 2. e4 d5 3. exd5 cxd5 4. d4 Nf6 5. Nc3 Nc6 6. Nf3 g6 7. cxd5 Nxd5 8.
Bc4 Nb6 9. Bb3 Bg7 10. Be3 O-O 11. h3 Na5 12. Bc2 Nac4 13. Bc1 Nd5 14. O-O Nxc3
15. bxc3 Qa5 16. Bb3 Be6 17. Re1 Rac8 18. Bg5 Bf6 19. Bf4 Qxc3 20. Rc1 Qb4 21.
Rxe6 fxe6 22. Qe2 b5 23. Bh6 Bg7 24. Qxe6+ Kh8 25. Bg5 Bf6 26. Bh6 Bg7 27. Bg5
Bf6 28. Bh6 Qd6 29. Qe2 Bg7 30. Bxg7+ Kxg7 31. Bxc4 bxc4 32. Rxc4 Rxc4 33. Qxc4
Rb8 34. g3 Rb4 35. Qe2 e6 36. Qc2 Rb7 37. Kg2 Qd5 38. g4 Rf7 39. Qc3 Kg8 40.
Kg3 Qe4 41. Qc8+ Rf8 42. Qc3 h5 43. g5 Rf7 44. Qc8+ Kh7 45. Qc3 Qf4+ 46. Kg2
Qe4 47. Kg3 h4+ 48. Kg2 Qb7 49. a4 Rf5 50. Qe3 a5 51. Qd3 Kg8 52. Qe3 Kf7 53.
Qc3 Ke8 54. Qe3 Qd5 55. Qc3 Kd7 56. Qd3 Kd8 57. Qe3 Kd7 58. Qd3 Ke8 59. Qe3 Kf7
60. Qc3 Qb7 61. Qd3 Kg7 62. Qe3 Qc6 63. Qb3 Rxg5+ 64. Kf1 Rf5 65. Ne5 Qh1+ 66.
Ke2 Qe4+ 67. Kf1 Qh1+ 68. Ke2 Qe4+ 69. Kf1 Qd5 70. Qb6 Qh1+ 71. Ke2 Qe4+ 72.
Kf1 Qh1+ 73. Ke2 Qxh3 74. Qc7+ Kh6 75. Nf7+ Rxf7 76. Qxf7 Qg4+ 77. Ke3 Qg5+ 78.
f4 Qf5 79. Qe7 Kh5 80. Kf3 Qd3+ 81. Kf2 Qxd4+ 82. Kf3 Qd3+ 83. Kf2 Qd2+ 84. Kf3
Qd5+ 85. Ke3 Kg4 86. Kf2 Qd2+ 87. Kg1 Qe1+ 88. Kh2 Qf2+ 89. Kh1 Kg3 90. Qg5+
Kh3 91. Qf5+ Kg3 92. Qxg6+ Kf3 93. Qh5+ Ke3 94. Qc5+ Ke2 95. Qc2+ Kf3 96. Qc3+
Qe3 97. Qa1 Qe4 98. Kg1 Qg6+ 0-1

[Event "Torneo de Maestros - Campeonato Paraguayo Absoluto"]
[Site "Diario ABC_Color/Yegros 745_Asuncion"]
[Date "2014.12.18"]
[Round "10"]
[Board "5"]
[White "Butti, Enrique"]
[Black "Jodorcovsky Werjivker, Paulo"]
[Result "0-1"]
[WhiteElo "2071"]
[BlackElo "2203"]
[PlyCount "156"]
[EventDate "2014.12.10"]
[EventRounds "11"]
[EventCountry "PAR"]

1. d4 d5 2. c4 e6 3. Nf3 c6 4. e3 f5 5. Bd3 Nf6 6. O-O Bd6 7. b3 Qe7 8. Bb2 O-O
9. Qc1 b6 10. Ba3 c5 11. Nc3 Nbd7 12. cxd5 Nxd5 13. Nb5 Bb8 14. dxc5 Nxc5 15.
Bxc5 bxc5 16. Qc4 Bb7 17. Rac1 a6 18. Nc3 Bd6 19. Na4 Nb4 20. Bb1 Rf6 21. Qe2
Rh6 22. g3 g5 23. e4 g4 24. Nd2 Nc6 25. exf5 Qg5 26. f4 Nd4 27. Qf2 Qh5 28.
Nxc5 Bf3 29. Rfe1 exf5 30. Nf1 Qh3 31. Bd3 Bd5 32. Be2 Re8 33. Bc4 Nf3+ 34. Kh1
Bxc4 35. Rxe8+ Kf7 36. bxc4 Kxe8 37. Qe2+ Kf7 38. Nd3 Re6 39. Qf2 Qh6 40. Rd1
Qf6 41. Nd2 Nxd2 42. Rxd2 Qc3 43. c5 Bc7 44. Rd1 Qc4 45. Kg1 Re7 46. Qb2 Kg6
47. Qd2 Qd4+ 48. Qf2 Qc4 49. Qg2 Re4 50. Kh1 Qe6 51. Rf1 Kh5 52. h3 Re3 53.
hxg4+ Kxg4 54. Nf2+ Kh5 55. Rg1 Kg6 56. g4 Kf7 57. g5 Bxf4 58. Qb7+ Kg6 59. Qb6
Qxb6 60. cxb6 Re2 61. Rf1 Rxa2 62. Nd3 Bd6 63. Rc1 Kxg5 64. Rc6 Bg3 65. b7 h5
66. Rc8 Ra3 67. Nc5 Kh4 68. b8=Q Bxb8 69. Rxb8 Kh3 70. Kg1 Ra2 71. Rb3+ Kg4 72.
Rb4+ Kg5 73. Ne6+ Kf6 74. Rb6 Ke5 75. Ng7 h4 76. Rh6 Ra4 77. Kg2 Rg4+ 78. Kf3
Rxg7 0-1

[Event "Torneo de Maestros - Campeonato Paraguayo Absoluto"]
[Site "Diario ABC_Color/Yegros 745_Asuncion"]
[Date "2014.12.19"]
[Round "11"]
[Board "1"]
[White "Almiron, Antonio"]
[Black "Franco Ocampos, Zenon"]
[Result "1-0"]
[WhiteElo "2255"]
[BlackElo "2490"]
[PlyCount "97"]
[EventDate "2014.12.10"]
[EventRounds "11"]
[EventCountry "PAR"]

1. e4 c5 2. Nf3 Nc6 3. d4 cxd4 4. Nxd4 Nf6 5. Nc3 d6 6. Bc4 Qb6 7. Ndb5 a6 8.
Be3 Qa5 9. Nd4 e6 10. O-O Be7 11. Bb3 O-O 12. Kh1 Bd7 13. f4 Rae8 14. Qf3 Bd8
15. Nde2 Bb6 16. Rad1 Bxe3 17. Qxe3 d5 18. e5 Ng4 19. Qh3 Nh6 20. Nxd5 exd5 21.
Qxd7 Re7 22. Qxd5 Qc7 23. Nc3 Kh8 24. Qe4 Ree8 25. Nd5 Qa5 26. c3 f6 27. Nb4
Nxb4 28. cxb4 Qb6 29. e6 f5 30. Qd4 Qc6 31. Qc3 Rxe6 32. Bxe6 Qxe6 33. h3 Ng8
34. Rfe1 Qg6 35. Qc5 Ra8 36. Qc7 h6 37. Rd8 Rxd8 38. Qxd8 Kh7 39. Qe8 Qg3 40.
Qe3 Qh4 41. Qe5 Qh5 42. Rc1 Nf6 43. Rc7 Qg6 44. Rxb7 Ne4 45. g4 fxg4 46. Rxg7+
Qxg7 47. Qxe4+ Kg8 48. Qe6+ Kh7 49. Qf5+ 1-0

[Event "Torneo de Maestros - Campeonato Paraguayo Absoluto"]
[Site "Diario ABC_Color/Yegros 745_Asuncion"]
[Date "2014.12.19"]
[Round "11"]
[Board "4"]
[White "Kropff, Ricardo"]
[Black "Bachmann, Axel"]
[Result "0-1"]
[WhiteElo "2174"]
[BlackElo "2628"]
[PlyCount "98"]
[EventDate "2014.12.10"]
[EventRounds "11"]
[EventCountry "PAR"]

1. c4 e5 2. Nc3 Nc6 3. g3 Bc5 4. Bg2 a6 5. Nf3 d6 6. d3 Nge7 7. O-O Bf5 8. h3
Qd7 9. Kh2 h6 10. a3 O-O 11. b4 Ba7 12. Rb1 Be6 13. a4 f5 14. b5 axb5 15. axb5
Nd8 16. Nd2 c6 17. bxc6 bxc6 18. Qb3 f4 19. Ba3 Bxf2 20. Rxf2 fxg3+ 21. Kxg3
Rxf2 22. Kxf2 Qa7+ 23. Ke1 Qxa3 24. Qxa3 Rxa3 25. Rb8 Nc8 26. Nd5 Kf7 27. Nb6
Nxb6 28. Rxd8 Ke7 29. Rb8 Nd7 30. Rc8 Ra1+ 31. Kf2 Ra2 32. Ke1 Ra6 33. h4 d5
34. Rc7 Kd6 35. Rb7 g6 36. Kd1 Ra1+ 37. Kc2 Ra2+ 38. Kd1 Ra1+ 39. Kc2 g5 40.
hxg5 hxg5 41. cxd5 cxd5 42. Rb1 Ra2+ 43. Rb2 Ra6 44. Nf3 g4 45. Ng5 Ra1 46.
Nxe6 Kxe6 47. Rb1 Rxb1 48. Kxb1 Nf8 49. Kc2 Ng6 0-1